000 00456nam a2200157Ia 4500
008 160316s9999 xxu||||| |||| 00| 0 eng d
082 _a344.013400
_bCAC
100 _a
245 _aCase studies of child labourers (dead and living) in hotel and domestic sectors
250 _a
260 _aMysore
_bCampaign Against Child Labour
_c0
300 _a89
_b
_c
365 _b
650 _a1. child labour 2. hotel sector 3. domestic sector
700 _a
_a
999 _c33809
_d33809